College Quizbowl Stats
College Quizbowl Stats
Circuits
Seasons
Sets
Records
Detailed Stats
About
Loading...
2023 ACF Winter @ Columbia
Tossups
Bonuses
Players
Teams
Categories (Tossup)
Categories (Bonus)
Noah Shapiro
NYU B
Categories
Category
Powers
Gets
Negs
BBs
Points
Earliest Buzz
Avg. Buzz
First Buzzes
Top 3 Buzzes
Current Events
0
1
0
0
10
66
66.00
0
0
Science - Physics
0
1
1
0
5
106
106.00
0
0
Philosophy
0
0
0
0
0
0.00
0
0
Science - Biology
0
0
0
0
0
0.00
0
0
Science - Chemistry
0
0
1
0
-5
0.00
0
0
Buzzes
Category
Answer
Value
Buzz Position
Current Events
health insurance
10
66
Science - Chemistry
reduction potential
-5
79
Science - Physics
index of refraction
-5
96
Science - Physics
inductors
10
106
Science - Biology
ribosomal RNA
0
120
Philosophy
An Essay Concerning Human Understanding
0
136
Previous
1
Next